| 000 | 00809cab a2200241 4500 | ||
|---|---|---|---|
| 001 | ABS43988 | ||
| 008 | 090401t1991 xxu||||| |||| 00| 0 eng d | ||
| 035 | _a(Sirsi) u44600 | ||
| 041 | _aeng | ||
| 100 | _aFranklin, K. | ||
| 245 | _aExpert witness trouble | ||
| 260 | _c1991 | ||
| 350 | _a0 | ||
| 490 |
_aArchitects` Journal _v193(1/2) 2/9 January 1991, 51-53(3) |
||
| 520 | _aDiscusses the importance attached to choosing an expert witness , with reference to Benzie v Happy Eater Ltd 1990 CILL 588, which was lost by the plaintiff`s expert witness being partial to their cause and consequently forming alarmist opinions, which were incorrect. | ||
| 650 | _aDAMAGES | ||
| 650 | _aEXCAVATION | ||
| 650 | _aNUISANCE | ||
| 650 | _aSUPPORT | ||
| 690 | _aLAW | ||
| 942 | _n0 | ||
| 948 | _c04/03/1997 | ||
| 999 |
_c28342 _d28342 |
||